Science Quiz

Random Science Quiz
Score 0/144 Timer 05:00
0 Plays Today
Problem Answer % Correct
11 ÷ 1 =11
58.6%
30 ÷ 10 =3
58.5%
30 ÷ 5 =6
58.2%
10 ÷ 1 =10
58.2%
20 ÷ 10 =2
58%
6 ÷ 1 =6
58%
44 ÷ 11 =4
57.9%
12 ÷ 1 =12
57.9%
50 ÷ 10 =5
57.8%
4 ÷ 1 =4
57.8%
9 ÷ 1 =9
57.6%
88 ÷ 11 =8
57.6%
77 ÷ 11 =7
57.6%
12 ÷ 12 =1
57.5%
22 ÷ 11 =2
57.5%
3 ÷ 3 =1
57.5%
7 ÷ 1 =7
57.5%
100 ÷ 10 =10
57.5%
11 ÷ 11 =1
57.4%
6 ÷ 3 =2
57.4%
5 ÷ 1 =5
57.4%
40 ÷ 10 =4
57.3%
55 ÷ 11 =5
57.3%
10 ÷ 10 =1
57.3%
80 ÷ 10 =8
57.3%
2 ÷ 1 =2
57.3%
8 ÷ 1 =8
57.3%
10 ÷ 5 =2
57.3%
70 ÷ 10 =7
57.2%
3 ÷ 1 =3
57.2%
4 ÷ 4 =1
57.1%
22 ÷ 2 =11
57.1%
45 ÷ 5 =9
57.1%
90 ÷ 10 =9
57.1%
1 ÷ 1 =1
57%
80 ÷ 8 =10
57%
5 ÷ 5 =1
57%
99 ÷ 11 =9
56.9%
8 ÷ 8 =1
56.9%
12 ÷ 6 =2
56.9%
40 ÷ 5 =8
56.8%
4 ÷ 2 =2
56.8%
60 ÷ 10 =6
56.8%
33 ÷ 3 =11
56.8%
21 ÷ 7 =3
56.8%
55 ÷ 5 =11
56.8%
66 ÷ 11 =6
56.7%
90 ÷ 9 =10
56.7%
Problem Answer % Correct
35 ÷ 5 =7
56.7%
44 ÷ 4 =11
56.7%
21 ÷ 3 =7
56.7%
9 ÷ 3 =3
56.7%
15 ÷ 5 =3
56.6%
20 ÷ 2 =10
56.6%
30 ÷ 3 =10
56.6%
15 ÷ 3 =5
56.6%
6 ÷ 2 =3
56.5%
99 ÷ 9 =11
56.5%
14 ÷ 7 =2
56.4%
6 ÷ 6 =1
56.4%
9 ÷ 9 =1
56.3%
110 ÷ 10 =11
56.3%
2 ÷ 2 =1
56.3%
40 ÷ 4 =10
56.2%
33 ÷ 11 =3
56.2%
20 ÷ 5 =4
56.1%
12 ÷ 2 =6
56.1%
12 ÷ 4 =3
56%
77 ÷ 7 =11
56%
10 ÷ 2 =5
55.9%
24 ÷ 2 =12
55.9%
8 ÷ 4 =2
55.9%
14 ÷ 2 =7
55.9%
18 ÷ 6 =3
55.8%
25 ÷ 5 =5
55.8%
18 ÷ 2 =9
55.8%
20 ÷ 4 =5
55.8%
8 ÷ 2 =4
55.8%
7 ÷ 7 =1
55.7%
70 ÷ 7 =10
55.7%
16 ÷ 8 =2
55.7%
81 ÷ 9 =9
55.7%
36 ÷ 6 =6
55.6%
16 ÷ 2 =8
55.6%
121 ÷ 11 =11
55.6%
110 ÷ 11 =10
55.6%
120 ÷ 10 =12
55.6%
60 ÷ 6 =10
55.6%
50 ÷ 5 =10
55.5%
88 ÷ 8 =11
55.5%
24 ÷ 12 =2
55.4%
27 ÷ 9 =3
55.3%
18 ÷ 9 =2
55.3%
45 ÷ 9 =5
55.1%
24 ÷ 4 =6
55.1%
27 ÷ 3 =9
55.1%
Problem Answer % Correct
60 ÷ 5 =12
55%
12 ÷ 3 =4
55%
120 ÷ 12 =10
54.9%
24 ÷ 8 =3
54.8%
64 ÷ 8 =8
54.8%
66 ÷ 6 =11
54.8%
24 ÷ 6 =4
54.8%
16 ÷ 4 =4
54.8%
30 ÷ 6 =5
54.7%
18 ÷ 3 =6
54.6%
144 ÷ 12 =12
54.5%
40 ÷ 8 =5
54.4%
28 ÷ 7 =4
54.4%
36 ÷ 12 =3
54.4%
35 ÷ 7 =5
54.3%
49 ÷ 7 =7
54.1%
108 ÷ 9 =12
53.9%
56 ÷ 7 =8
53.9%
42 ÷ 7 =6
53.8%
60 ÷ 12 =5
53.8%
63 ÷ 9 =7
53.8%
54 ÷ 6 =9
53.7%
28 ÷ 4 =7
53.7%
96 ÷ 12 =8
53.7%
72 ÷ 9 =8
53.7%
36 ÷ 9 =4
53.7%
42 ÷ 6 =7
53.7%
132 ÷ 11 =12
53.7%
24 ÷ 3 =8
53.7%
132 ÷ 12 =11
53.6%
63 ÷ 7 =9
53.5%
54 ÷ 9 =6
53.5%
56 ÷ 8 =7
53.5%
72 ÷ 8 =9
53.4%
108 ÷ 12 =9
53.3%
32 ÷ 8 =4
53.3%
36 ÷ 3 =12
53.2%
48 ÷ 6 =8
53.1%
72 ÷ 12 =6
53%
48 ÷ 4 =12
52.9%
32 ÷ 4 =8
52.9%
48 ÷ 12 =4
52.6%
72 ÷ 6 =12
52.6%
84 ÷ 12 =7
52.4%
48 ÷ 8 =6
52.4%
36 ÷ 4 =9
52.4%
96 ÷ 8 =12
52.1%
84 ÷ 7 =12
51.5%
Remove Ads.
Support Sporcle.
Get the best of Sporcle when you Go Orange. This ad-free experience offers more features, more stats, and more fun while also helping to support Sporcle. Thank you for becoming a member.

You're not logged in!

Compare scores with friends on all Sporcle quizzes.
OR
Log In

Show Comments

Extras

Created Mar 24, 2010ReportNominate
Tags:Division, entire, problem, Table

Top Quizzes Today


Score Distribution

Your Account Isn't Verified!

In order to create a playlist on Sporcle, you need to verify the email address you used during registration. Go to your Sporcle Settings to finish the process.

Report this User

Report this user for behavior that violates our Community Guidelines.

Details: